| 000 | 00742nam a2200205 a 4500 | ||
|---|---|---|---|
| 005 | 20140414093840.0 | ||
| 008 | 071002s19uu xx 00 eng d | ||
| 050 |
_aDVD 820 _bTIT 1999 |
||
| 245 | _aTitus. | ||
| 250 | _aSpecial Ed. | ||
| 260 |
_aSl : _b20th Century Fox, _cc1999. |
||
| 300 | _a2 videodisk | ||
| 500 | _aDisk 1 : Commentaries by Julie Taymor and Elliot Goldenthall, Scene specific commentary By Anthony Hopkins and Harry Lennix Disk 2: Q&a w/ Julie Taymor, costume gallery, 49 min. documentary, Theatrecal trailers and more. | ||
| 650 |
_aShakespear, William, 1564-1616 _xAdaptations. |
||
| 650 | _aFilm adaptations. | ||
| 650 | _aInternational Baccalaureate. | ||
| 650 | _aFilm. | ||
| 942 | _cAVM | ||
| 999 |
_c109268 _d109268 |
||